000 00278nam a22001337a 4500
008 180730b xxu||||| |||| 00| 0 eng d
082 _a813.52
245 _aExamView
_cSizer
260 _c2006
300 _a1
_fCD
440 _x0534406750
760 _b10th
942 _2ddc
_cMX
999 _c46688
_d46688